[Event "Online Olym Div3 C"]
[Site "Chess.com INT"]
[Date "2021.08.29"]
[Round "9.3"]
[White "Smith, Olivia"]
[Black "Mucha, Annegret"]
[Result "1-0"]
[WhiteElo "2012"]
[BlackElo "1998"]
[PlyCount "67"]
[EventDate "2021.08.27"]
[EventType "team-tourn (rapid)"]
[EventRounds "9"]
[EventCountry "USA"]
[SourceTitle "CBM 204 Extra"]
[Source "ChessBase"]
[SourceDate "2021.11.30"]
[SourceVersion "1"]
[SourceVersionDate "2021.11.30"]
[SourceQuality "1"]
[WhiteTeam "Wales"]
[BlackTeam "ICCD"]
[WhiteTeamCountry "WLS"]

1. Nf3 Nf6 2. g3 b6 3. Bg2 Bb7 4. d3 e6 5. 0-0 Be7 6. e4 c5 7. Re1 0-0 8. Nbd2 d5 9. e5 Nfd7 10. d4 cxd4 11. Nxd4 Nc6 12. N2f3 Qc7 13. Nxc6 Bxc6 14. c3 b5 15. Qd4 Rfc8 16. Qg4 a5 17. Bh6 g6 18. Nd4 Nxe5 19. Qe2 Bd6 20. f4 Nc4 21. b3 Na3 22. Nxe6 Qb6+ 23. Nd4 Re8 24. Qd2 b4 25. Kh1 Bb7 26. Rxe8+ Rxe8 27. Re1 Qd8 28. Bg5 Be7 29. Qe3 Kf8 30. Bh6+ Kg8 31. cxb4 axb4 32. f5 f6 33. Qe6+ Kh8 34. Qf7 1-0

[Event "Online Olym Div3 C"]
[Site "Chess.com INT"]
[Date "2021.08.28"]
[Round "4.5"]
[White "Caxita, Esperanca"]
[Black "Mucha, Annegret"]
[Result "1/2-1/2"]
[WhiteElo "1865"]
[BlackElo "1998"]
[PlyCount "67"]
[EventDate "2021.08.27"]
[EventType "team-tourn (rapid)"]
[EventRounds "9"]
[EventCountry "USA"]
[SourceTitle "CBM 204 Extra"]
[Source "ChessBase"]
[SourceDate "2021.11.30"]
[SourceVersion "1"]
[SourceVersionDate "2021.11.30"]
[SourceQuality "1"]
[WhiteTeam "Angola"]
[BlackTeam "ICCD"]
[WhiteTeamCountry "ANG"]

1. e4 c5 2. Nc3 Nc6 3. f4 g6 4. Nf3 Bg7 5. d3 e6 6. Be2 Nge7 7. 0-0 0-0 8. Be3 Nd4 9. e5 Nef5 10. Bf2 d5 11. g4 Nxf3+ 12. Bxf3 Nd4 13. Bxd4 cxd4 14. Ne2 Qb6 15. Rb1 f6 16. exf6 Bxf6 17. Ng3 Bh4 18. Bg2 Qd6 19. Qd2 Bxg3 20. hxg3 Bd7 21. Rbe1 Rae8 22. Kh2 Qc7 23. Rf2 Rc8 24. g5 Qb6 25. b3 Rc3 26. Ree2 Rfc8 27. Qe1 R8c6 28. Bxd5 exd5 29. Re8+ Bxe8 30. Qxe8+ Kg7 31. Qe7+ Kg8 32. Qe8+ Kg7 33. Qe7+ Kg8 34. Qe8+ 1/2-1/2

[Event "Online Olym Div3 C"]
[Site "Chess.com INT"]
[Date "2021.08.28"]
[Round "5.1"]
[White "Mucha, Annegret"]
[Black "Saraci, Ndriqona"]
[Result "1-0"]
[WhiteElo "1998"]
[BlackElo "1374"]
[PlyCount "97"]
[EventDate "2021.08.27"]
[EventType "team-tourn (rapid)"]
[EventRounds "9"]
[EventCountry "USA"]
[SourceTitle "CBM 204 Extra"]
[Source "ChessBase"]
[SourceDate "2021.11.30"]
[SourceVersion "1"]
[SourceVersionDate "2021.11.30"]
[SourceQuality "1"]
[WhiteTeam "ICCD"]
[BlackTeam "Kosovo"]
[BlackTeamCountry "KOS"]

1. Nc3 d5 2. e4 d4 3. Nce2 e5 4. Ng3 Be6 5. Nf3 f6 6. Be2 Qd7 7. 0-0 Bd6 8. d3 Nc6 9. c3 0-0-0 10. Nh4 g6 11. a3 Nge7 12. c4 Nb8 13. b4 c5 14. b5 Bc7 15. a4 b6 16. Bd2 a5 17. bxa6 Nxa6 18. Qb1 f5 19. exf5 Nxf5 20. Nhxf5 gxf5 21. a5 bxa5 22. Bxa5 Bxa5 23. Rxa5 Qd6 24. Qb5 Nc7 25. Qxc5 Qxc5 26. Rxc5 e4 27. Nxf5 Bxf5 28. Rxf5 exd3 29. Bxd3 Rhf8 30. Rxf8 Rxf8 31. Bxh7 Kd7 32. Rd1 Ne6 33. Bc2 Kd6 34. Be4 Kc5 35. Bd5 Nf4 36. Kf1 d3 37. g3 Nxd5 38. cxd5 Kxd5 39. Rxd3+ Ke4 40. Re3+ Kd4 41. Kg2 Rg8 42. h4 Rg6 43. h5 Rg5 44. h6 Rh5 45. Re6 Kd5 46. Ra6 Ke4 47. Ra4+ Kd3 48. Rh4 Rf5 49. h7 1-0

[Event "Online Olym Div3 C"]
[Site "Chess.com INT"]
[Date "2021.08.27"]
[Round "2.4"]
[White "Assa, Oluwaseun"]
[Black "Mucha, Annegret"]
[Result "0-1"]
[WhiteElo "1777"]
[BlackElo "1998"]
[PlyCount "120"]
[EventDate "2021.08.27"]
[EventType "team-tourn (rapid)"]
[EventRounds "9"]
[EventCountry "USA"]
[SourceTitle "CBM 204 Extra"]
[Source "ChessBase"]
[SourceDate "2021.11.30"]
[SourceVersion "1"]
[SourceVersionDate "2021.11.30"]
[SourceQuality "1"]
[WhiteTeam "Nigeria"]
[BlackTeam "ICCD"]
[WhiteTeamCountry "NGR"]

1. e4 c5 2. Nf3 d6 3. Be2 Nf6 4. d3 g6 5. Nc3 Nc6 6. h3 Bg7 7. a3 0-0 8. 0-0 e6 9. Bg5 a6 10. Qc1 Qc7 11. Bh6 Nd4 12. Bxg7 Kxg7 13. Nh2 b5 14. Ng4 Nxg4 15. Bxg4 h5 16. Bd1 Kh7 17. Ne2 Nxe2+ 18. Bxe2 Qe7 19. Qe3 Bb7 20. Bf3 Rae8 21. Rfe1 e5 22. c3 Qf6 23. Rad1 Re7 24. d4 exd4 25. cxd4 c4 26. e5 dxe5 27. Bxb7 Rxb7 28. Qxe5 Qxe5 29. Rxe5 Rd8 30. Kf1 Rbd7 31. d5 Kg7 32. Ke2 f6 33. Re6 Rxd5 34. Rxd5 Rxd5 35. Rxa6 Rd3 36. Ra7+ Kh6 37. Rb7 Rb3 38. a4 Rxb2+ 39. Ke3 Rb3+ 40. Ke2 bxa4 41. Ra7 a3 42. Ra6 Kg5 43. g3 f5 44. Ra5 Rb2+ 45. Kf3 a2 46. h4+ Kh6 47. Ke3 c3 48. f3 c2 49. Kd2 Rb1 50. Kxc2 a1Q 51. Rxa1 Rxa1 52. Kd3 Ra3+ 53. Ke2 Kg7 54. Kf2 Kf6 55. Ke2 Ke5 56. f4+ Ke4 57. Kf2 Ra2+ 58. Kf1 Ke3 59. Kg1 Kf3 60. Kh1 Kxg3 0-1

[Event "Online Olym Disabilities"]
[Site "Tornelo INT"]
[Date "2020.11.25"]
[Round "5.1"]
[White "Smirnov, Alexey1111"]
[Black "Mucha, Annegret"]
[Result "1-0"]
[WhiteElo "2436"]
[BlackElo "1998"]
[PlyCount "49"]
[EventDate "2020.11.21"]
[EventType "team-swiss (rapid)"]
[EventRounds "7"]
[EventCountry "NET"]
[SourceTitle "CBM 199 Extra"]
[Source "ChessBase"]
[SourceDate "2021.01.31"]
[SourceVersion "1"]
[SourceVersionDate "2021.01.31"]
[SourceQuality "1"]
[WhiteTeam "Russia"]
[BlackTeam "Germany"]
[WhiteTeamCountry "RUS"]
[BlackTeamCountry "GER"]

1. d4 Nf6 2. c4 e6 3. Nf3 b6 4. a3 Bb7 5. Nc3 Be7 6. d5 exd5 7. cxd5 0-0 8. e4 Re8 9. Bd3 a5 10. 0-0 Na6 11. e5 Nxd5 12. Nxd5 Bxd5 13. Bxh7+ Kxh7 14. Qxd5 Nc5 15. Qxf7 Ne6 16. Be3 Rf8 17. Qh5+ Kg8 18. Rad1 d6 19. Qg6 Nf4 20. Bxf4 Rxf4 21. exd6 Bxd6 22. Ng5 Rf6 23. Qh7+ Kf8 24. Qh8+ Ke7 25. Qxg7+ 1-0

[Event "Online Olym Disabilities"]
[Site "Tornelo INT"]
[Date "2020.11.24"]
[Round "4.3"]
[White "Zarubinskaya, Irina"]
[Black "Mucha, Annegret"]
[Result "0-1"]
[WhiteElo "1747"]
[BlackElo "1998"]
[PlyCount "84"]
[EventDate "2020.11.21"]
[EventType "team-swiss (rapid)"]
[EventRounds "7"]
[EventCountry "NET"]
[SourceTitle "CBM 199 Extra"]
[Source "ChessBase"]
[SourceDate "2021.01.31"]
[SourceVersion "1"]
[SourceVersionDate "2021.01.31"]
[SourceQuality "1"]
[WhiteTeam "Ukraine"]
[BlackTeam "Germany"]
[WhiteTeamCountry "UKR"]
[BlackTeamCountry "GER"]

1. e4 c5 2. Nf3 d6 3. d4 cxd4 4. Nxd4 Nf6 5. Nc3 a6 6. Be3 e6 7. Be2 Be7 8. 0-0 0-0 9. f4 Qc7 10. Bf3 Nc6 11. Nxc6 bxc6 12. Qe1 Rb8 13. b3 d5 14. e5 Nd7 15. Ne2 c5 16. Bf2 Bb7 17. Ng3 c4 18. Bd4 Bc5 19. Qe3 Rfc8 20. Kh1 Qb6 21. Rad1 cxb3 22. cxb3 Bxd4 23. Rxd4 Rc2 24. a3 Rbc8 25. h3 R2c3 26. Qf2 Rxb3 27. Rb4 Rxb4 28. axb4 Qxb4 29. f5 Qb6 30. Qa2 Nc5 31. fxe6 fxe6 32. Bh5 Rf8 33. Rxf8+ Kxf8 34. Qf2+ Ke7 35. Qf7+ Kd8 36. Qf8+ Kc7 37. Qxg7+ Kb8 38. Qxh7 d4 39. Qc2 d3 40. Qd2 Qb1+ 41. Kh2 Qc2 42. Qa5 Qxg2# 0-1

[Event "Erfurt op-A 29th"]
[Site "Erfurt"]
[Date "2019.12.29"]
[Round "6"]
[White "Neubauer, Ralf"]
[Black "Mucha, Annegret"]
[Result "1/2-1/2"]
[WhiteElo "1931"]
[BlackElo "2041"]
[PlyCount "55"]
[EventDate "2019.12.26"]
[EventType "swiss"]
[EventRounds "8"]
[EventCountry "GER"]
[SourceTitle "CBM 194 Extra"]
[Source "ChessBase"]
[SourceDate "2020.03.31"]
[SourceVersion "1"]
[SourceVersionDate "2020.03.31"]
[SourceQuality "1"]

1. Nf3 Nf6 2. c4 b6 3. d4 Bb7 4. Nc3 e6 5. a3 Be7 6. e3 0-0 7. Bd3 d5 8. 0-0 Nbd7 9. cxd5 exd5 10. Bd2 c5 11. Rc1 Ne4 12. Bb1 Rc8 13. Ne5 Bd6 14. f4 f6 15. Nxd7 Qxd7 16. Nxe4 dxe4 17. Qb3+ Qf7 18. Ba2 Qxb3 19. Bxb3+ Kh8 20. Be6 Rcd8 21. Bc3 Ba6 22. Rfd1 Bd3 23. Kf2 Rde8 24. Bd5 Re7 25. dxc5 Bxc5 26. Bb4 Bxb4 27. axb4 g6 28. Rc6 1/2-1/2

[Event "BL2 Sued 1920 (Women)"]
[Site "Germany"]
[Date "2019.12.15"]
[Round "4.1"]
[White "Mucha, Annegret"]
[Black "Hund, Barbara"]
[Result "1/2-1/2"]
[WhiteElo "2036"]
[BlackElo "2088"]
[PlyCount "51"]
[EventDate "2019.09.14"]
[EventType "team-tourn"]
[EventRounds "7"]
[EventCountry "GER"]
[SourceTitle "EXT 2021"]
[Source "ChessBase"]
[SourceDate "2020.10.23"]
[SourceVersion "1"]
[SourceVersionDate "2020.10.23"]
[SourceQuality "1"]
[WhiteTeam "Zeulenroda Rochade (W)"]
[BlackTeam "Freiburg Zaehringen (W)"]
[WhiteTeamCountry "GER"]
[BlackTeamCountry "GER"]

1. Nc3 e5 2. Nf3 Nc6 3. d4 exd4 4. Nxd4 Nf6 5. Bg5 Bc5 6. Nxc6 bxc6 7. e4 0-0 8. Be2 Qe7 9. 0-0 Qe5 10. Bxf6 Qxf6 11. Bc4 d6 12. Qd2 Rb8 13. Na4 Be6 14. Bxe6 Qxe6 15. Nxc5 dxc5 16. Qc3 Qxe4 17. Qxc5 Rxb2 18. Qxa7 Rxc2 19. Qxc7 Qa4 20. h3 c5 21. Rfc1 h6 22. Rxc2 Qxc2 23. a4 Qc3 24. Rb1 c4 25. a5 Qa3 26. Qxc4 1/2-1/2

[Event "GER-chT Federal Cup (Women)"]
[Site "Braunfels"]
[Date "2019.06.23"]
[Round "5.26"]
[White "Mucha, Annegret"]
[Black "Plass, Mariana Camelia"]
[Result "0-1"]
[WhiteElo "2050"]
[BlackElo "2042"]
[PlyCount "100"]
[EventDate "2019.06.20"]
[EventType "team-swiss"]
[EventRounds "5"]
[EventCountry "GER"]
[SourceTitle "CBM 191 Extra"]
[Source "ChessBase"]
[SourceDate "2019.09.30"]
[SourceVersion "1"]
[SourceVersionDate "2019.09.30"]
[SourceQuality "1"]

1. e4 c5 2. Nc3 g6 3. f4 Bg7 4. Nf3 Nc6 5. Bc4 d6 6. 0-0 e6 7. d3 Nge7 8. Qe1 a6 9. a4 0-0 10. Qh4 Nd4 11. f5 Nxf3+ 12. Rxf3 gxf5 13. Rh3 f6 14. Qxh7+ Kf7 15. Bh6 Rg8 16. exf5 d5 17. Bxg7 Rxg7 18. Qh5+ Kf8 19. Qh8+ Ng8 20. Bb3 c4 21. dxc4 dxc4 22. Ba2 Qb6+ 23. Kh1 Qxb2 24. Rd1 Bd7 25. Rh7 Rxh7 26. Qxh7 Qxc3 27. Qxd7 Qxc2 28. fxe6 Ne7 29. Qd4 Kg8 30. Bb1 Qe2 31. Be4 c3 32. Bf3 Qe5 33. Qxe5 fxe5 34. Rc1 Rc8 35. Bxb7 Rc4 36. Bxa6 Rxa4 37. Bb7 Rb4 38. h3 Rxb7 39. Rxc3 Rb6 40. Kg1 Rxe6 41. Kf2 Kf7 42. g4 Kg6 43. h4 Nd5 44. Ra3 e4 45. Ra5 e3+ 46. Ke1 Nf4 47. Rg5+ Kh6 48. Rf5 Re4 49. g5+ Kh5 50. Rf6 e2 0-1

[Event "Erfurt op 28th"]
[Site "Erfurt"]
[Date "2018.12.26"]
[Round "1"]
[White "Lubbe, Melanie"]
[Black "Mucha, Annegret"]
[Result "1-0"]
[WhiteElo "2345"]
[BlackElo "2049"]
[PlyCount "66"]
[EventDate "2018.12.26"]
[EventType "swiss"]
[EventRounds "8"]
[EventCountry "GER"]
[SourceTitle "CBM 188 Extra"]
[Source "ChessBase"]
[SourceDate "2019.02.26"]
[SourceVersion "1"]
[SourceVersionDate "2019.02.26"]
[SourceQuality "1"]

1. e4 c5 2. Nf3 d6 3. d4 cxd4 4. Nxd4 Nf6 5. Nc3 a6 6. Be3 e6 7. Be2 Be7 8. 0-0 0-0 9. f4 Qc7 10. Kh1 Nc6 11. Nb3 b5 12. a3 Bb7 13. Bd3 Rfd8 14. Qe1 d5 15. e5 Nd7 16. Nd4 Nxd4 17. Bxd4 Bc5 18. Ne2 Qb6 19. c3 a5 20. b4 Bxd4 21. Nxd4 axb4 22. axb4 Ba6 23. Qh4 g6 24. Rf3 Rdc8 25. Be2 Qd8 26. Qe1 Nb6 27. Bxb5 Bxb5 28. Nxb5 Rxa1 29. Qxa1 Ra8 30. Qe1 Nc4 31. h3 Qb6 32. Nd4 Ra2 33. Rd3 Qa6 1-0

[Event "Olympiad Women-43"]
[Site "Batumi"]
[Date "2018.10.04"]
[Round "10.1"]
[White "Johnson, Daijah"]
[Black "Mucha, Annegret"]
[Result "0-1"]
[WhiteElo "1452"]
[BlackElo "2044"]
[PlyCount "76"]
[EventDate "2018.09.24"]
[EventType "team-swiss"]
[EventRounds "11"]
[EventCountry "GEO"]
[SourceTitle "EXT 2020"]
[Source "ChessBase"]
[SourceDate "2019.10.17"]
[SourceVersion "1"]
[SourceVersionDate "2019.10.17"]
[SourceQuality "1"]
[WhiteTeam "Bahamas (W)"]
[BlackTeam "ICCD (W)"]
[WhiteTeamCountry "BAH"]

1. d4 Nf6 2. c4 e6 3. Nc3 Bb4 4. Bg5 0-0 5. Nf3 d5 6. e3 h6 7. Bxf6 Qxf6 8. a3 Bxc3+ 9. bxc3 c5 10. Bd3 Nc6 11. 0-0 Rd8 12. Qc2 b6 13. Rad1 Na5 14. cxd5 exd5 15. dxc5 bxc5 16. Rb1 c4 17. Qa4 Qxc3 18. Rfc1 Bd7 19. Qb4 Qxb4 20. axb4 Nb3 21. Rc3 Bg4 22. Bc2 Bxf3 23. Bxb3 Be4 24. Bc2 Bxc2 25. Rxc2 Rab8 26. Rcc1 Rb5 27. Rb2 Rdb8 28. Ra2 R8b7 29. g3 Rxb4 30. Kg2 Kf8 31. Kf3 Ke7 32. Rca1 Kd6 33. Rd1 Kc5 34. h3 c3 35. Rc2 Kc4 36. Rd4+ Kb3 37. Rxb4+ Rxb4 38. Rc1 Kb2 0-1

[Event "BL2 Sued 1617 (Women)"]
[Site "Germany"]
[Date "2016.10.23"]
[Round "2.1"]
[White "Mucha, Annegret"]
[Black "Worek, Joanna"]
[Result "0-1"]
[WhiteElo "2008"]
[BlackElo "2344"]
[PlyCount "92"]
[EventDate "2016.10.22"]
[EventType "team-tourn"]
[EventRounds "7"]
[EventCountry "GER"]
[SourceTitle "EXT 2018"]
[Source "ChessBase"]
[SourceDate "2017.10.13"]
[SourceVersion "1"]
[SourceVersionDate "2017.10.13"]
[SourceQuality "1"]
[WhiteTeam "Zeulenroda (W)"]
[BlackTeam "Schott Mainz (W)"]
[WhiteTeamCountry "GER"]
[BlackTeamCountry "GER"]

1. e4 c5 2. Nc3 Nc6 3. Bb5 Nd4 4. Bc4 e6 5. Nf3 Nf6 6. 0-0 a6 7. Re1 b5 8. Bf1 Bb7 9. d3 Be7 10. Nxd4 cxd4 11. Ne2 Qb6 12. Ng3 0-0 13. Bg5 Kh8 14. Nh5 Qc5 15. f4 Nxh5 16. Bxe7 Qxe7 17. Qxh5 Rac8 18. Qe2 Qb4 19. Reb1 f5 20. e5 Qc5 21. Rc1 Qd5 22. Qf2 d6 23. exd6 Qxd6 24. c3 dxc3 25. bxc3 Rc7 26. c4 Rfc8 27. Re1 h6 28. Re5 bxc4 29. dxc4 Be4 30. Ra5 Rxc4 31. Re1 Rc2 32. Qa7 Qb4 33. Rxe4 Qxe4 34. Re5 Qxf4 35. Rxe6 R8c5 36. Qa8+ Kh7 37. Qf3 Qd4+ 38. Qe3 Qxe3+ 39. Rxe3 Rxa2 40. Re1 a5 41. Bd3 h5 42. h3 Rd2 43. Bb1 a4 44. g4 hxg4 45. hxg4 Kh6 46. Bxf5 a3 0-1

[Event "GER-chT Federal Cup (Women)"]
[Site "Braunfels"]
[Date "2015.06.05"]
[Round "3.1"]
[White "Mucha, Annegret"]
[Black "Zimmer, Elke"]
[Result "1-0"]
[WhiteElo "2000"]
[BlackElo "1818"]
[PlyCount "51"]
[EventDate "2015.06.04"]
[EventType "team-swiss"]
[EventRounds "5"]
[EventCountry "GER"]
[SourceTitle "CBM 167 Extra"]
[Source "ChessBase"]
[SourceDate "2015.09.14"]
[SourceVersion "1"]
[SourceVersionDate "2015.09.14"]
[SourceQuality "1"]
[WhiteTeam "Thueringen (W)"]
[BlackTeam "Saarland (W)"]
[WhiteTeamCountry "GER"]
[BlackTeamCountry "GER"]

1. e4 d6 2. Nc3 g6 3. f4 Bg7 4. Nf3 c5 5. Bc4 e6 6. d3 a6 7. a4 Nc6 8. 0-0 Nge7 9. Qe1 Nd4 10. Nxd4 Bxd4+ 11. Kh1 0-0 12. f5 exf5 13. Bg5 h6 14. Bxh6 Re8 15. Bg5 Qc7 16. Qh4 Bg7 17. Bf6 Be6 18. Rf3 fxe4 19. Bxg7 Kxg7 20. Qf6+ Kg8 21. Nxe4 Nf5 22. Ng5 d5 23. Rh3 Ng3+ 24. Rxg3 dxc4 25. Nxe6 Rxe6 26. Rxg6+ 1-0

[Event "Olympiad Women-41"]
[Site "Tromsoe"]
[Date "2014.08.12"]
[Round "10.2"]
[White "Guerrero Rodriguez, Alejandra"]
[Black "Mucha, Annegret"]
[Result "0-1"]
[WhiteElo "2089"]
[BlackElo "2008"]
[PlyCount "130"]
[EventDate "2014.08.02"]
[EventType "team-swiss"]
[EventRounds "11"]
[EventCountry "NOR"]
[SourceTitle "CBM 162"]
[Source "ChessBase"]
[SourceDate "2014.09.17"]
[SourceVersion "1"]
[SourceVersionDate "2014.09.17"]
[SourceQuality "1"]
[WhiteTeam "Mexico (W)"]
[BlackTeam "ICCD (W)"]
[WhiteTeamCountry "MEX"]

1. e4 c5 2. Nf3 d6 3. d4 cxd4 4. Qxd4 Nc6 5. Bb5 Bd7 6. Qd3 a6 7. Bxc6 Bxc6 8. c4 Nf6 9. Nc3 g6 10. h3 Bg7 11. 0-0 0-0 12. Rb1 Nd7 13. Qe3 Qb6 14. Nd5 Bxd5 15. exd5 Qxe3 16. Bxe3 Rfc8 17. Rfc1 b5 18. b3 Nc5 19. cxb5 axb5 20. Nd4 Bxd4 21. Bxd4 Nd3 22. Rxc8+ Rxc8 23. g3 Nb4 24. a4 bxa4 25. bxa4 Nxd5 26. Rb7 e5 27. Ba7 Rc1+ 28. Kg2 Ra1 29. Bb8 Rxa4 30. Bxd6 f6 31. Bc5 Rc4 32. Ba3 Rc7 33. Rb5 Ne7 34. h4 Kf7 35. Rb8 Nc6 36. Rb6 Nd4 37. Bd6 Rd7 38. g4 Ne6 39. g5 fxg5 40. hxg5 e4 41. Kg3 Nxg5 42. Kf4 Ne6+ 43. Kxe4 h5 44. Kd5 Ng7 45. Ke5 Ne8 46. Bc5 Rc7 47. Be3 Re7+ 48. Kf4 Nc7 49. Kg5 Ne6+ 50. Kh6 Re8 51. Rb7+ Kf6 52. Kh7 h4 53. Bc1 Re7+ 54. Rxe7 Kxe7 55. Bb2 Nf4 56. Be5 g5 57. Kh6 h3 58. Kxg5 h2 59. Bxf4 h1Q 60. Kg4 Qg2+ 61. Bg3 Ke6 62. f3 Kf6 63. f4 Qe2+ 64. Kh3 Kf5 65. Bh4 Qg4+ 0-1

[Event "Olympiad Women-41"]
[Site "Tromsoe"]
[Date "2014.08.10"]
[Round "8.2"]
[White "Stockova, Zuzana"]
[Black "Mucha, Annegret"]
[Result "1-0"]
[WhiteElo "2383"]
[BlackElo "2008"]
[PlyCount "71"]
[EventDate "2014.08.02"]
[EventType "team-swiss"]
[EventRounds "11"]
[EventCountry "NOR"]
[SourceTitle "CBM 162"]
[Source "ChessBase"]
[SourceDate "2014.09.17"]
[SourceVersion "1"]
[SourceVersionDate "2014.09.17"]
[SourceQuality "1"]
[WhiteTeam "Slovakia (W)"]
[BlackTeam "ICCD (W)"]
[WhiteTeamCountry "SVK"]

1. e4 c5 2. Nf3 d6 3. d4 cxd4 4. Nxd4 Nf6 5. Nc3 a6 6. Be2 e5 7. Nb3 Be7 8. Bg5 Be6 9. Bxf6 Bxf6 10. Qd3 Nc6 11. 0-0-0 Qb6 12. Nd5 Bxd5 13. exd5 Nd4 14. Nxd4 Qxd4 15. Qxd4 exd4 16. Bd3 0-0 17. f4 g6 18. h4 Bg7 19. h5 Rae8 20. g4 Re3 21. Rdf1 Rfe8 22. hxg6 hxg6 23. Rhg1 Bf6 24. g5 Bd8 25. a3 Kg7 26. b4 Rh8 27. Kb2 Rhh3 28. Kb3 Rhg3 29. Rxg3 Rxg3 30. Kc4 Bb6 31. a4 Rh3 32. a5 Ba7 33. Kb3 Rh8 34. Re1 Rc8 35. Re7 Rc3+ 36. Kb2 1-0

[Event "WchT Silent"]
[Site "Opatija"]
[Date "2014.06.22"]
[Round "4.1"]
[White "Mucha, Annegret"]
[Black "Zivic, Dragan"]
[Result "0-1"]
[WhiteElo "2027"]
[BlackElo "2264"]
[PlyCount "56"]
[EventDate "2014.06.19"]
[EventType "team-swiss"]
[EventRounds "9"]
[EventCountry "CRO"]
[SourceTitle "CBM 161 Extra"]
[Source "ChessBase"]
[SourceDate "2014.08.29"]
[SourceVersion "1"]
[SourceVersionDate "2014.08.29"]
[SourceQuality "1"]
[WhiteTeam "Germany"]
[BlackTeam "Serbia"]
[WhiteTeamCountry "GER"]
[BlackTeamCountry "SRB"]

1. e4 c5 2. Nf3 e6 3. d4 cxd4 4. Nxd4 a6 5. Nc3 Qc7 6. g3 b5 7. Bg2 Bb7 8. a3 Nf6 9. 0-0 Bc5 10. Be3 0-0 11. Kh1 d6 12. Bg5 Nbd7 13. f4 h6 14. Bh4 b4 15. axb4 Bxb4 16. Nde2 Ng4 17. Qd3 Nc5 18. Qc4 a5 19. Nb5 Qd7 20. c3 Ne3 21. Qd4 Nxg2 22. cxb4 Nb3 23. Qd3 Nxh4 24. Qxb3 Bxe4+ 25. Kg1 Qxb5 26. Nc3 Qb6+ 27. Rf2 Nf3+ 28. Kf1 Nd4 0-1

[Event "Oberliga Ost-B 1213"]
[Site "Germany"]
[Date "2013.04.14"]
[Round "11.5"]
[White "Reichel, Norbert"]
[Black "Mucha, Annegret"]
[Result "1/2-1/2"]
[WhiteElo "2133"]
[BlackElo "2023"]
[PlyCount "126"]
[EventDate "2012.09.30"]
[EventType "team-tourn"]
[EventRounds "11"]
[EventCountry "GER"]
[SourceTitle "EXT 2014"]
[Source "ChessBase"]
[SourceDate "2013.11.20"]
[SourceVersion "1"]
[SourceVersionDate "2013.11.20"]
[SourceQuality "1"]
[WhiteTeam "Erfurt Medizin"]
[BlackTeam "Jena Jenapharm"]
[WhiteTeamCountry "GER"]
[BlackTeamCountry "GER"]

1. c4 Nf6 2. Nc3 e5 3. g3 g6 4. Bg2 Bg7 5. Nf3 Nc6 6. d4 d6 7. 0-0 0-0 8. h3 h6 9. d5 Ne7 10. e4 a5 11. Be3 b6 12. a3 Bd7 13. b4 axb4 14. axb4 Rxa1 15. Qxa1 Qa8 16. Qb2 Qb7 17. Ra1 Ra8 18. Ra3 Bc8 19. Rxa8 Qxa8 20. c5 bxc5 21. bxc5 Qb7 22. Qxb7 Bxb7 23. Nd2 Ba6 24. Bf1 Bxf1 25. Kxf1 Nc8 26. Nb5 Ne8 27. c6 f5 28. f3 Kf7 29. Nc4 fxe4 30. fxe4 g5 31. Ke2 Bf6 32. Bd2 Bd8 33. Ba5 Ke7 34. Kf3 Kf6 35. Ne3 Ne7 36. Nc2 Nc8 37. Nb4 Nb6 38. Na6 Na8 39. Nb8 Ke7 40. Kg4 Kf6 41. Nd7+ Kg7 42. h4 Be7 43. Kh5 Kh7 44. Kg4 Kg6 45. hxg5 h5+ 46. Kf3 Kxg5 47. Nb8 Kg6 48. Na6 Bd8 49. Nb4 Bg5 50. Nd3 Be7 51. Nb2 Kg5 52. Nc4 Kf6 53. Ne3 Kg6 54. Nf5 Bg5 55. Ke2 Bf6 56. Kf3 Bg5 57. Kg2 Bf6 58. Kh3 Bg5 59. g4 hxg4+ 60. Kxg4 Nf6+ 61. Kf3 Ne8 62. Ke2 Kh5 63. Kf3 Kg6 1/2-1/2

[Event "Oberliga Ost-B 1213"]
[Site "Germany"]
[Date "2013.04.13"]
[Round "10.5"]
[White "Mucha, Annegret"]
[Black "Duchrow, Oliver"]
[Result "1-0"]
[WhiteElo "2023"]
[BlackElo "2093"]
[PlyCount "137"]
[EventDate "2012.09.30"]
[EventType "team-tourn"]
[EventRounds "11"]
[EventCountry "GER"]
[SourceTitle "EXT 2014"]
[Source "ChessBase"]
[SourceDate "2013.11.20"]
[SourceVersion "1"]
[SourceVersionDate "2013.11.20"]
[SourceQuality "1"]
[WhiteTeam "Jena Jenapharm"]
[BlackTeam "Sangerhausen"]
[WhiteTeamCountry "GER"]
[BlackTeamCountry "GER"]

1. e4 d6 2. d4 Nf6 3. Nc3 Nbd7 4. Nf3 e5 5. Bg5 c6 6. Be2 Be7 7. Qd2 0-0 8. 0-0 Re8 9. Rad1 Bf8 10. h3 Qb6 11. dxe5 dxe5 12. Na4 Qc7 13. Bd3 b5 14. Nc3 a6 15. Rfe1 Bb7 16. Nh4 h6 17. Be3 c5 18. f3 c4 19. Bf1 Rac8 20. Nf5 Re6 21. Ne2 Kh7 22. g4 Nc5 23. Neg3 Ng8 24. b4 c3 25. Qxc3 Na4 26. Qxc7 Rxc7 27. a3 g6 28. Nh4 Rxc2 29. Rc1 Rec6 30. Rxc2 Rxc2 31. Rc1 Rxc1 32. Bxc1 Nf6 33. Kf2 Ne8 34. Ng2 Nc7 35. Ne3 Be7 36. Nc2 Bh4 37. Bd3 Ne6 38. Kg2 Bc8 39. Ne2 Bf6 40. Ne3 Bg7 41. Nd5 Bb7 42. Bc2 Bf8 43. Bxa4 bxa4 44. Nec3 Bc6 45. Nb6 a5 46. bxa5 Nc5 47. Be3 Na6 48. Ncxa4 Bxa3 49. Nc3 Bb4 50. Ncd5 Bxa5 51. Nc4 Bxd5 52. exd5 Bc3 53. d6 Nb8 54. Ba7 Nd7 55. Nb6 Nf8 56. d7 Ne6 57. Nc4 Bd4 58. Bb8 e4 59. fxe4 Bf6 60. Ne5 Kg7 61. Nc6 Nd8 62. Nb4 Ne6 63. Bd6 Bd8 64. Nc6 Bg5 65. Kg3 Nd8 66. Nd4 Nb7 67. e5 f5 68. gxf5 gxf5 69. h4 1-0

[Event "Oberliga Ost-B 1213"]
[Site "Germany"]
[Date "2013.02.03"]
[Round "7.4"]
[White "Mucha, Annegret"]
[Black "Schaffer, Hendrik"]
[Result "0-1"]
[WhiteElo "2023"]
[BlackElo "2286"]
[PlyCount "120"]
[EventDate "2012.09.30"]
[EventType "team-tourn"]
[EventRounds "11"]
[EventCountry "GER"]
[SourceTitle "EXT 2014"]
[Source "ChessBase"]
[SourceDate "2013.11.20"]
[SourceVersion "1"]
[SourceVersionDate "2013.11.20"]
[SourceQuality "1"]
[WhiteTeam "Jena Jenapharm"]
[BlackTeam "Neuberg"]
[WhiteTeamCountry "GER"]
[BlackTeamCountry "GER"]

1. e4 c5 2. Nf3 d6 3. d4 cxd4 4. Nxd4 Nf6 5. Nc3 g6 6. f3 Bg7 7. Be3 Nc6 8. Qd2 Bd7 9. Bc4 Rc8 10. Bb3 0-0 11. 0-0-0 Ne5 12. h4 h5 13. Bh6 Kh7 14. Bxg7 Kxg7 15. Kb1 Qa5 16. g4 hxg4 17. h5 Nc4 18. Bxc4 Rxc4 19. hxg6 fxg6 20. Qh6+ Kf7 21. Nb3 Qc7 22. Nd5 Nxd5 23. Rxd5 gxf3 24. Qh7+ Ke8 25. Qxg6+ Kd8 26. Qg7 Re8 27. Nd2 Rxc2 28. Nxf3 Re2 29. Nd2 Bc6 30. Qg4 Rf2 31. Rd3 Ref8 32. Rc1 Qa5 33. Nb3 Qe5 34. Rd2 Qxe4+ 35. Qxe4 Bxe4+ 36. Ka1 Rxd2 37. Nxd2 Bd5 38. b3 Rf2 39. Rd1 Kd7 40. Kb1 e5 41. Kc1 Kc6 42. Rf1 Rxf1+ 43. Nxf1 a5 44. Kb2 b5 45. Kc3 b4+ 46. Kd3 Bf7 47. Nd2 d5 48. Ke3 Bg6 49. Ke2 Kd6 50. Ke3 Bc2 51. Kf3 Ke6 52. Kg4 Kf6 53. Kg3 Kg5 54. Kf3 Kf5 55. Ke3 d4+ 56. Kf2 e4 57. Nc4 Kf4 58. Nxa5 e3+ 59. Ke1 d3 60. Nc4 Ke4 0-1